Contribución al empleo en Cuba de la ceniza de cáscara de arroz obtenida en horno artesanal, como una adición activa en morteros estructurales de base cemento

Trata de la contribución al empleo en Cuba de la ceniza de cáscara de arroz obtenida en horno artesanal, como una adición activa en morteros estructurales de base cemento.

Kaydedildi:
Detaylı Bibliyografya
Yazar: Pozas del Río, José Antoniode las
Müşterek Yazar: e-libro, Corp
Diğer Yazarlar: Diaz Brito, Nelson (Tönetmen)
Materyal Türü: Ekitap
Dil:İspanyolca
Baskı/Yayın Bilgisi: La Habana : Instituto Superior Politécnico José Antonio Echeverría. CUJAE, 2010.
Konular:
Online Erişim:https://elibro.unach.elogim.com/es/lc/unach/titulos/85786
Etiketler: Etiketle
Etiket eklenmemiş, İlk siz ekleyin!

MARC

LEADER 00000nam a2200000 a 4500
001 ELB85786
003 FlNmELB
006 m o d |
007 cr cn|||||||||
008 201201r2010 cu |||||s|||||||||||spa d
024 8 |z 71208041210 
035 |a (MiAaPQ)EBC3202774 
035 |a (Au-PeEL)EBL3202774 
035 |a (CaPaEBR)ebr10609752 
035 |a (OCoLC)929377605 
040 |a FlNmELB  |b spa  |c FlNmELB 
050 4 |a S1  |b P893 2010 
080 |a 63 
082 0 4 |a 630  |2 22 
100 1 |a Pozas del Río, José Antoniode las. 
245 1 0 |a Contribución al empleo en Cuba de la ceniza de cáscara de arroz obtenida en horno artesanal, como una adición activa en morteros estructurales de base cemento  |h [recurso electronico]  |c José Antonio de las Pozas del Río. 
260 |a La Habana :  |b Instituto Superior Politécnico José Antonio Echeverría. CUJAE,  |c 2010. 
300 |a 221 p. 
500 |a Tesis (maestría) - Instituto Superior Politécnico José Antonio Echeverría CUJAE. 
520 |a Trata de la contribución al empleo en Cuba de la ceniza de cáscara de arroz obtenida en horno artesanal, como una adición activa en morteros estructurales de base cemento. 
533 |a Recurso electrónico. Santa Fe, Arg.: e-libro, 2015. Disponible vía World Wide Web. El acceso puede estar limitado para las bibliotecas afiliadas a e-libro. 
650 4 |a Technology.  |x Agriculture.  |x Crop Science. 
650 4 |a Tecnología.  |x Agricultura.  |x Ciencia de los cultivos. 
650 4 |a Technology.  |x Construction.  |x General. 
650 4 |a Tecnología.  |x Construcción.  |x General. 
655 4 |a Libros electrónicos. 
700 1 |a Diaz Brito, Nelson.  |4 drt 
710 2 |a e-libro, Corp. 
856 4 0 |u https://elibro.unach.elogim.com/es/lc/unach/titulos/85786